000 00262nam a22001097a 4500
008 170111b xxu||||| |||| 00| 0 eng d
020 _a9781933107806
041 _aeng
080 _28TH
_a618.2
245 _aRN MATERNAL NEWBORN NURSING
_cKNIPPA, A
942 _2udc
_cBK
999 _c2681
_d2681